Cities in Ventura County, California - Statistics

General Stats
  • This quiz has been taken 28 times
  • The average score is 8 of 10
Answer Stats
Hint Answer % Correct
200,415 Oxnard
100%
109,527 Ventura
100%
124,265 Thousand Oaks
96%
124,398 Simi Valley
92%
7,540 Ojai
80%
70,282 Camarillo
76%
31,018 Santa Paula
76%
16,657 Fillmore
64%
35,514 Moorpark
64%
21,407 Port Hueneme
56%
No matching quizzes found
Score Distribution
Percent of People with Each Score
Percentile by Number Answered
Your Score History
You have not taken this quiz